00726nam a2200241Ia 4500003000400000005001700004008004100021020002200062040000700084041000800091082001600099100002700115245001900142260003200161300001500193365001300208650002300221650004400244906002100288942001200309999001900321952014400340OSt20230522101435.0210423s2015 xx 000 0 und d a978-0-00-814021-2 cAL aeng a869.35 COEF aCOELHO (Paulo)9109953 aFifth mountain aNoidabHarper Collinsc2015 aix,245bPB b350cINR aLiterature9109954 aSpanish & Portuguese Literature9109955 aFifth ; mountain 2ddccBK c167815d167815 001040708GENaSACPGbSACPGd2016-09-29eNavakarnatakag350.00l2o869.35 COEFpPG014317r2024-03-11 00:00:00s2024-02-29w2021-04-26yBK